000 00318nam a2200109 4500
999 _c10588
_d10588
008 180907b ||||| |||| 00| 0 eng d
245 _aFacebook's solar-powered internet drone takes flight.
260 _aPhilippines
_bThe Philippine Star
_cc2016
300 _apage 15.
650 0 _930995
_aInternet.
942 _2ddc
_cPER